| 000 | 00735nam a2200205 i 4500 | ||
|---|---|---|---|
| 001 | 182972 | ||
| 003 | ES-MaACL | ||
| 005 | 20250910222350.0 | ||
| 008 | 140108s2011 sp a | |||||||| | spa d | ||
| 020 | _a978-84-8108-519-8 | ||
| 080 | _a821.134.2-82"19" | ||
| 100 | 0 |
_aEgea, Julio Alfredo, _d1926-2018 _946706 |
|
| 245 | 1 | 0 |
_aProsa completa. _nv. 3 / _cJulio Alfredo Egea. |
| 260 |
_a[Almería] : _bInstituto de Estudios Almerienses, _c2011. |
||
| 300 |
_a698 p. : _b1 retr., il. ; _c21 cm. |
||
| 490 | 1 |
_aColección Letras ; _vn. 58. _aSerie Narrativa |
|
| 830 | 0 |
_aColección Letras. Serie Narrativa (Instituto de Estudios Almerienses) _vn. 58. _9224911 |
|
| 852 |
_aES-MaACL _jN-5938 |
||
| 999 |
_c182972 _d182972 |
||